000 00665nam a2200193Ia 4500
008 151119s9999||||xx |||||||||||||| ||und||
082 _a294.592
082 _bGKKV15050
100 _aनेने राजाभाऊ
245 _aधर्मक्षेत्रे कुरुक्षेत्रे
260 _a--
260 _b--
260 _c1997
600 _aनेने राजाभाऊ
630 _aधर्मक्षेत्रे कुरुक्षेत्रे
700 _aनेने राजाभाऊ
730 _aधर्मक्षेत्रे कुरुक्षेत्रे
942 _cBOOK
999 _c1068492
_d1068489